| 000 | 00605nam a22001937a 4500 | ||
|---|---|---|---|
| 003 | OSt | ||
| 005 | 20130514185452.0 | ||
| 008 | 130514s1994 sp ||||| |||| 00| 0 spa d | ||
| 020 | _a844930055X | ||
| 040 | _cCDMR | ||
| 100 | 1 |
_91759 _aPérez Tornero, José Manuel |
|
| 245 |
_aEl desafío educativo de la televisión _b: para comprender y usar el medio _cJosé Manuel Pérez Tornero |
||
| 260 |
_aBarcelona _bPaidós _c1994 |
||
| 300 | _a276 p. | ||
| 490 | 0 |
_aPapeles de comunicación _v6 |
|
| 650 | 0 | 4 |
_92782 _aTelevisió en l'ensenyament |
| 650 | 0 | 4 |
_91190 _aTelevisió _xAspectes socials |
| 942 |
_2udc _cMON |
||
| 999 |
_c6241 _d6241 |
||